Ben 10 : (Record no. 4201)
[ view plain ]
| 000 -LEADER | |
|---|---|
| fixed length control field | 00956nam a22002417a 4500 |
| 001 - CONTROL NUMBER | |
| control field | 4201 |
| 003 - CONTROL NUMBER IDENTIFIER | |
| control field | FISKH |
| 005 - DATE AND TIME OF LATEST TRANSACTION | |
| control field | 20250820124019.0 |
| 008 - FIXED-LENGTH DATA ELEMENTS--GENERAL INFORMATION | |
| fixed length control field | 240627b cb ||||| |||| 00| 0 eng d |
| 020 ## - INTERNATIONAL STANDARD BOOK NUMBER | |
| International Standard Book Number | 708431211797 |
| 040 ## - CATALOGING SOURCE | |
| Original cataloging agency | FISKH |
| Language of cataloging | eng |
| Transcribing agency | FISKH |
| Modifying agency | FISKH |
| 050 ## - LIBRARY OF CONGRESS CALL NUMBER | |
| Classification number | PZ7 |
| 082 ## - DEWEY DECIMAL CLASSIFICATION NUMBER | |
| Classification number | 741.5 |
| 100 ## - MAIN ENTRY--PERSONAL NAME | |
| Personal name | Anonymous |
| 245 ## - TITLE STATEMENT | |
| Title | Ben 10 : |
| Remainder of title | "Wanted : Kevin Levin" / |
| 260 ## - PUBLICATION, DISTRIBUTION, ETC. | |
| Place of publication, distribution, etc. | Ontario : |
| Name of publisher, distributor, etc. | Leap Frog, |
| Date of publication, distribution, etc. | 1999. |
| 300 ## - PHYSICAL DESCRIPTION | |
| Extent | 26 pages : |
| Other physical details | color illustrations ; |
| Dimensions | 24 cm |
| 490 ## - SERIES STATEMENT | |
| Series statement | Ben 10 |
| 520 ## - SUMMARY, ETC. | |
| Summary, etc. | Ever since Kevin used his powers to move a meteorite, he's been acting strangely. When he is captured by the alien bounty hunter Seven Seven, it's up to Ben and Gwen to rescue him and get to the bottom of this mystery before it's too late. Teaches logic and reasoning, literary analysis and critical thinking, reading comprehension and memory skills. <br/> |
| 650 ## - SUBJECT ADDED ENTRY--TOPICAL TERM | |
| Topical term or geographic name entry element | Graphic |
| Form subdivision | Children's Fiction |
| 942 ## - ADDED ENTRY ELEMENTS (KOHA) | |
| Source of classification or shelving scheme | Dewey Decimal Classification |
| Koha item type | Books |
| Suppress in OPAC | No |
| Withdrawn status | Lost status | Source of classification or shelving scheme | Damaged status | Not for loan | Collection | Home library | Current library | Shelving location | Date acquired | Total Checkouts | Full call number | Barcode | Date last seen | Date last checked out | Copy number | Price effective from | Koha item type |
|---|---|---|---|---|---|---|---|---|---|---|---|---|---|---|---|---|---|
| Dewey Decimal Classification | Juvenile Fiction | Footprints International School Library Network Toul Kork Campus | Footprints International School Library Network Toul Kork Campus | A TK Campus, Comic Books (All Reading Levels), B401 Bookcase 1/2, Shelf 3 | 06/27/2024 | 1 | ANO 741.5 PZ7 | 2024-0886 | 11/10/2025 | 10/31/2025 | 1 | 06/27/2024 | Books | ||||
| Dewey Decimal Classification | Juvenile Fiction | Footprints International School Library Network Toul Kork Campus | Footprints International School Library Network Toul Kork Campus | A TK Campus, Comic Books (All Reading Levels), B401 Bookcase 1/2, Shelf 3 | 06/05/2025 | ANO 741.5 PZ7 | 2025-1530 | 06/05/2025 | 2 | 06/05/2025 | Books | ||||||
| Dewey Decimal Classification | Juvenile Fiction | Footprints International School Library Network Toul Kork Campus | Footprints International School Library Network Toul Kork Campus | A TK Campus, Comic Books (All Reading Levels), B401 Bookcase 1/2, Shelf 3 | 08/18/2025 | ANO 741.5 PZ7 | 2025-4136 | 08/18/2025 | 3 | 08/18/2025 | Books | ||||||
| Dewey Decimal Classification | Juvenile Fiction | Footprints International School Library Network Toul Tom Poung Campus | Footprints International School Library Network Toul Tom Poung Campus | TTP Comic Books all Levels | 08/20/2025 | ANO 741.5 PZ7 | 2025-4162 | 08/20/2025 | 4 | 08/20/2025 | Books | ||||||
| Dewey Decimal Classification | Juvenile Fiction | Footprints International School Library Network Toul Tom Poung Campus | Footprints International School Library Network Toul Tom Poung Campus | TTP Comic Books all Levels | 10/09/2025 | 4 | ANO 741.5 PZ7 | 2025-4517 | 04/24/2026 | 04/10/2026 | 5 | 10/09/2025 | Books | ||||
| Dewey Decimal Classification | Juvenile Fiction | Footprints International School Library Network Toul Tom Poung Campus | Footprints International School Library Network Toul Tom Poung Campus | TTP Comic Books all Levels | 10/23/2025 | 2 | ANO 741.5 PZ7 | 2025-4724 | 02/10/2026 | 01/30/2026 | 6 | 10/23/2025 | Books |
